000 00524 a2200193 4500
005 20260204145626.0
008 260204b |||||||| |||| 00| 0 eng d
020 _a97893943884118
_cRs. 1799.00
040 _aMAIN
082 _a355.0082
_bP886W
100 _aPrasad, Brajbhushan
245 _aWomens role in defence services
260 _bSaddle Publishers
_c2025
_aDelhi
300 _aviii, 220
650 _aMilitary Science
650 _aSpecial Topics
650 _aWomen- Indian Armed Forces
942 _cBK
999 _c395468
_d395468